=LDR 00000nam 2200000 4500 =001 INLIS000000000039410 =005 20130612145035 =008 ***********************************ind** =035 ##$$0010-061300000039410 =041 ##$$a ind =082 ##$$a 658.1 =090 ##$$a 658.1, fIN S =100 ##$$a FIRDANIANTY =245 ##$$a Smart knowledhe woker, Bagaimana perusahaan menjaga mengembangkan dan mengalirkan pengetahuan keseluruh sendi organisasi, firdanianty, Alvin soleh =260 ##$$a 2011 $b Jakarta =650 ##$$a MANAGEMEN ORGANISASI =850 ##$$a NBPNMAT